[Event "4NCL"]
[Site "De Vere, Sunningdale, ENG"]
[Date "2011.02.19"]
[Round "5.47"]
[White "Wang, Maria"]
[Black "Hazlehurst, Cory S"]
[Result "0-1"]
[WhiteElo "1728"]
[BlackElo "1946"]
[PlyCount "92"]
[EventDate "2011.??.??"]
[WhiteTeam "Oxford 3"]
[BlackTeam "3Cs 2"]

1. e4 c6 2. d4 d5 3. exd5 cxd5 4. c4 Nf6 5. Nc3 Nc6 6. Bg5 e6 7. Nf3 Be7 8. c5
Ne4 9. Bxe7 Nxe7 10. Qc2 Nxc3 11. Qxc3 a5 12. Ne5 O-O 13. a4 f6 14. Nf3 Bd7 15.
Bb5 Nc6 16. Bxc6 Bxc6 17. O-O Qd7 18. b3 Rfb8 19. Ne1 b5 20. cxb6 Rxb6 21. Nd3
Qa7 22. Nc5 Bd7 23. Rfe1 Re8 24. Re3 Rc6 25. Qe1 Bc8 26. f4 Rxc5 27. dxc5 Qxc5
28. Rc1 Qb6 29. Kh1 d4 30. Rf3 Bb7 31. Rg3 e5 32. fxe5 fxe5 33. Qe2 Bd5 34. Qh5
g6 35. Re1 Qc6 36. Qh4 e4 37. h3 d3 38. Qg5 Bxb3 39. Qxa5 Qc2 40. Qa6 Bf7 41.
Rf1 d2 42. Qf6 Rf8 43. Qd6 Qc1 44. Qf4 e3 45. Qf3 e2 46. Qxe2 Bc4 0-1

[Event "4NCL"]
[Site "De Vere, Sunningdale, ENG"]
[Date "2011.02.19"]
[Round "5.47"]
[White "Gittens, Nathan L"]
[Black "Wang, Anna"]
[Result "1-0"]
[WhiteElo "1850"]
[BlackElo "1736"]
[PlyCount "147"]
[EventDate "2011.??.??"]
[WhiteTeam "3Cs 2"]
[BlackTeam "Oxford 3"]

1. d4 Nf6 2. c4 g6 3. Nc3 Bg7 4. e4 d6 5. f3 O-O 6. Be3 Nbd7 7. Nge2 a6 8. Qd2
e5 9. d5 Rb8 10. Nc1 Qe7 11. Bd3 Nc5 12. Be2 b6 13. b4 Ncd7 14. Nb3 Bb7 15. O-O
Nh5 16. c5 dxc5 17. bxc5 bxc5 18. Na4 Qd8 19. Naxc5 Nxc5 20. Nxc5 Bc8 21. Nxa6
Bxa6 22. Bxa6 Qd6 23. Bd3 Qa3 24. Rfc1 Rb2 25. Rc2 Rfb8 26. Rac1 Nf4 27. Bc4
Rxc2 28. Rxc2 Rb1+ 29. Kf2 Nh5 30. Be2 Bf8 31. Rxc7 Rb2 32. Qc1 Qxa2 33. Qd1
Rb1 34. Rc1 Rb2 35. g3 Qa3 36. Rc8 Rb3 37. Bh6 Ng7 38. d6 Qa4 39. Kg2 Qd7 40.
Rc7 Qxd6 41. Qxd6 Bxd6 42. Rxf7 Kxf7 43. Bc4+ Kf6 44. Bxb3 g5 45. h4 gxh4 46.
gxh4 Kg6 47. Bg5 Nh5 48. Ba4 Kf7 49. Bd7 Nf4+ 50. Kg3 Kg7 51. Kg4 h6 52. Bd8
Kf7 53. Kf5 Nh5 54. Be6+ Ke8 55. Ba5 Ke7 56. Bc4 Nf6 57. Bc3 Nd7 58. Bb5 Nf8
59. h5 Ne6 60. Kg6 Ng5 61. Be2 Nf7 62. Bd2 Bc7 63. Bc4 Nd6 64. Bb3 Nb5 65. Bxh6
Nd4 66. Bd1 Ke8 67. Bg7 Ne6 68. h6 Nf4+ 69. Kf5 Kf7 70. Bb3+ Ke7 71. h7 Kd6 72.
Bxe5+ Kc6 73. Bxc7 Kxc7 74. Kxf4 1-0

[Event "4NCL"]
[Site "De Vere, Sunningdale, ENG"]
[Date "2011.02.19"]
[Round "5.47"]
[White "Langham, Rod E"]
[Black "Manton, Jacob"]
[Result "1/2-1/2"]
[WhiteElo "1802"]
[BlackElo "1754"]
[PlyCount "49"]
[EventDate "2011.??.??"]
[WhiteTeam "Oxford 3"]
[BlackTeam "3Cs 2"]

1. d4 e6 2. Nf3 Nf6 3. e3 c5 4. Bd3 b6 5. Qe2 Bb7 6. Nbd2 Nc6 7. c3 Be7 8. O-O
O-O 9. Rd1 Qc7 10. h3 h6 11. Ne4 Nxe4 12. Bxe4 f5 13. Bc2 d6 14. dxc5 dxc5 15.
e4 Kh8 16. exf5 exf5 17. g3 Bf6 18. Bf4 Qe7 19. Qxe7 Nxe7 20. Ne5 g5 21. Nd7
gxf4 22. Nxf8 Rxf8 23. Rd7 Bc6 24. Rd6 Bb7 25. Rd7 1/2-1/2

[Event "4NCL"]
[Site "De Vere, Sunningdale, ENG"]
[Date "2011.02.19"]
[Round "5.48"]
[White "White, Martin"]
[Black "Heard, Andrew H"]
[Result "1/2-1/2"]
[WhiteElo "1798"]
[BlackElo "1946"]
[PlyCount "42"]
[EventDate "2011.??.??"]
[WhiteTeam "Bristol 3"]
[BlackTeam "SCS"]

1. e4 d5 2. exd5 Qxd5 3. Nc3 Qa5 4. d4 c6 5. Nf3 Bf5 6. Bc4 e6 7. Bd2 Qc7 8.
Qe2 Be7 9. O-O-O Nf6 10. Ne5 Nbd7 11. f3 Nxe5 12. dxe5 Nd5 13. g4 Bg6 14. f4
O-O-O 15. Rhf1 Nxc3 16. Bxc3 Rxd1+ 17. Qxd1 Be4 18. Qe2 Bd5 19. Bxd5 cxd5 20.
Bd4 Bc5 21. Qf2 Bxd4 1/2-1/2

[Event "4NCL"]
[Site "De Vere, Sunningdale, ENG"]
[Date "2011.02.19"]
[Round "5.48"]
[White "Bogoda, Sagara T"]
[Black "Woolgar, Steven G"]
[Result "1/2-1/2"]
[WhiteElo "1892"]
[BlackElo "1730"]
[PlyCount "61"]
[EventDate "2011.??.??"]
[WhiteTeam "SCS"]
[BlackTeam "Bristol 3"]

1. d4 Nf6 2. c4 e6 3. Nc3 Bb4 4. Nf3 d5 5. e3 O-O 6. Bd2 c5 7. Bd3 Nc6 8. O-O
cxd4 9. exd4 dxc4 10. Bxc4 Nxd4 11. Bg5 Nxf3+ 12. Qxf3 Be7 13. Rfd1 Qc7 14. Bd3
h6 15. Bh4 Bd7 16. Ne4 Nd5 17. Bg3 Qb6 18. Nc3 Nxc3 19. bxc3 Bc6 20. Qg4 f5 21.
Qh5 Qc5 22. c4 Rad8 23. Bf4 Bf6 24. Rab1 Bd4 25. Rd2 Bxf2+ 26. Rxf2 Rxd3 27.
Bxh6 gxh6 28. Qg6+ Kh8 29. Qxh6+ Kg8 30. Qg6+ Kh8 31. Qh6+ 1/2-1/2

[Event "4NCL"]
[Site "De Vere, Sunningdale, ENG"]
[Date "2011.02.19"]
[Round "5.48"]
[White "Taylor, John-Paul"]
[Black "Clarke, Sean A"]
[Result "0-1"]
[WhiteElo "1762"]
[BlackElo "1826"]
[PlyCount "116"]
[EventDate "2011.??.??"]
[WhiteTeam "Bristol 3"]
[BlackTeam "SCS"]

1. e4 c5 2. Nf3 g6 3. d4 Bg7 4. c3 cxd4 5. cxd4 d6 6. Be3 Nf6 7. Nbd2 Ng4 8.
Bf4 Nc6 9. h3 Nf6 10. Bb5 Bd7 11. d5 Nh5 12. Bxd6 exd6 13. dxc6 bxc6 14. Bc4
Rb8 15. Bb3 Bxb2 16. Rb1 Bc3 17. O-O O-O 18. Nc4 Be6 19. Qxd6 Qxd6 20. Nxd6
Bxb3 21. Rxb3 Rxb3 22. axb3 Rb8 23. Rb1 a5 24. e5 Rb4 25. Rc1 Nf4 26. Kf1 Rxb3
27. Ne4 Bb4 28. g3 Ne6 29. Nfd2 Bxd2 30. Nxd2 Rb2 31. Ne4 Nd4 32. Ra1 Nb3 33.
Ra4 Kf8 34. Rc4 c5 35. Kg2 Nd2 36. Nxd2 Rxd2 37. Rxc5 a4 38. Ra5 Ra2 39. Ra7 h5
40. Kf3 a3 41. Ke4 Ra1 42. Kd3 a2 43. Kc2 Rf1 44. Kb2 Rxf2+ 45. Ka1 Rf3 46. g4
Rxh3 47. gxh5 Rxh5 48. Ra5 Ke7 49. Kxa2 Ke6 50. Kb3 Rxe5 51. Ra4 Re3+ 52. Kc2
Kf5 53. Kd2 Re5 54. Kd3 g5 55. Ra1 g4 56. Rf1+ Kg6 57. Kd4 Re8 58. Kd5 f5 0-1

[Event "4NCL"]
[Site "Barcelo Hotel, Daventry, ENG"]
[Date "2011.03.26"]
[Round "7.31"]
[White "Pleasants, Allan J"]
[Black "Healey, Michael W"]
[Result "0-1"]
[WhiteElo "2056"]
[BlackElo "2069"]
[PlyCount "62"]
[EventDate "2011.??.??"]
[WhiteTeam "Wessex 2"]
[BlackTeam "Oxford 2"]

1. Nf3 Nf6 2. d4 h6 3. e3 g5 4. Bd3 d6 5. b3 Bg7 6. Bb2 Nc6 7. Qe2 Nb4 8. Nbd2
c6 9. c4 Nxd3+ 10. Qxd3 Qa5 11. e4 Nh5 12. O-O g4 13. Ne1 Qg5 14. Qe3 c5 15.
Rd1 g3 16. Nd3 cxd4 17. Qxg5 gxh2+ 18. Kxh2 hxg5 19. Kg1 Be5 20. Nf3 Bg4 21.
Rd2 Bxf3 22. gxf3 O-O-O 23. Rfd1 Rh6 24. Rc2 Nf4 25. Nxf4 gxf4 26. Rd3 Rg8+ 27.
Kf1 Rh1+ 28. Ke2 Rgg1 29. Bxd4 Re1+ 30. Kd2 Rd1+ 31. Kc3 Rxd3+ 0-1

[Event "4NCL"]
[Site "Barcelo Hotel, Daventry, ENG"]
[Date "2011.03.26"]
[Round "7.31"]
[White "Morris, Graham P"]
[Black "Furjel, Andrej"]
[Result "1/2-1/2"]
[WhiteElo "2034"]
[BlackElo "2031"]
[PlyCount "102"]
[EventDate "2011.??.??"]
[WhiteTeam "Oxford 2"]
[BlackTeam "Wessex 2"]

1. e4 c6 2. Nc3 d5 3. Nf3 Bg4 4. h3 Bxf3 5. Qxf3 e6 6. b3 Nf6 7. Bb2 Nbd7 8.
O-O-O dxe4 9. Nxe4 Be7 10. d4 Nxe4 11. Qxe4 Nf6 12. Qf3 Qd5 13. Be2 a5 14. c4
Qg5+ 15. Kb1 a4 16. d5 exd5 17. cxd5 Nxd5 18. Bc4 O-O 19. Bxd5 cxd5 20. Qxd5
axb3 21. Qxb3 Bf6 22. g4 Bxb2 23. Qxb2 Ra5 24. Rd3 Qg6 25. Rhd1 Rfa8 26. Qc2
Qb6+ 27. Rb3 Rb5 28. Rxb5 Qxb5+ 29. Qb2 Qc6 30. Qd4 h6 31. h4 Rc8 32. Qd3 Qf6
33. Qd7 Qc3 34. Qd2 Qc4 35. f3 Qc6 36. Qd3 Qb6+ 37. Qb3 Qc6 38. h5 b5 39. Qd3
b4 40. Qe4 Qc3 41. Qd3 Qc6 42. Qb3 Qc5 43. Qd3 Qe5 44. Qd5 Qe3 45. Qd3 Qf4 46.
Re1 Qg3 47. Rc1 Rb8 48. Qf5 Qd6 49. Rc8+ Rxc8 50. Qxc8+ Kh7 51. Qf5+ Kg8
1/2-1/2

[Event "4NCL"]
[Site "Barcelo Hotel, Daventry, ENG"]
[Date "2011.03.26"]
[Round "7.31"]
[White "Hadi, Justin"]
[Black "Gregory, Keith DF"]
[Result "1/2-1/2"]
[WhiteElo "2051"]
[BlackElo "2062"]
[PlyCount "30"]
[EventDate "2011.??.??"]
[WhiteTeam "Oxford 2"]
[BlackTeam "Wessex 2"]

1. Nc3 d6 2. d4 Nd7 3. Nf3 e5 4. e4 c6 5. a4 a5 6. Bc4 Be7 7. O-O Ngf6 8. Re1
O-O 9. Ba2 Qb6 10. Qd3 Qa6 11. Bc4 Qb6 12. d5 Qc7 13. Bg5 h6 14. Bxf6 Bxf6 15.
h3 Be7 1/2-1/2

[Event "4NCL"]
[Site "Barcelo Hotel, Daventry, ENG"]
[Date "2011.03.26"]
[Round "7.31"]
[White "Tunks, Dominic"]
[Black "Duggan, Christopher"]
[Result "1-0"]
[WhiteElo "2076"]
[BlackElo "2030"]
[PlyCount "87"]
[EventDate "2011.??.??"]
[WhiteTeam "Wessex 2"]
[BlackTeam "Oxford 2"]

1. Nf3 d5 2. b4 Qd6 3. a3 e5 4. Bb2 Nc6 5. b5 e4 6. bxc6 exf3 7. cxb7 Bxb7 8.
gxf3 Qb6 9. Be5 d4 10. c3 Qb2 11. Qa4+ c6 12. Bh3 Qxa1 13. Qb3 Bc8 14. Bxc8
Rxc8 15. O-O h5 16. f4 Rh6 17. f5 Ne7 18. e4 c5 19. cxd4 cxd4 20. Nc3 Qxf1+ 21.
Kxf1 dxc3 22. Bxc3 Rhc6 23. a4 Rb6 24. Qd1 Rc4 25. a5 Rbc6 26. Qb1 Nc8 27. Ke2
a6 28. f3 f6 29. Qg1 Bb4 30. Bxb4 Rxb4 31. Qxg7 Rb5 32. Qh8+ Kd7 33. Qxh5 Rxa5
34. Qf7+ Ne7 35. h4 Ra1 36. h5 Rd6 37. h6 Rh1 38. h7 Rh4 39. Ke3 Rxd2 40. Qe6+
Kc7 41. Qxe7+ Rd7 42. Qxf6 Rhxh7 43. Qxa6 Kd8 44. e5 1-0

[Event "4NCL"]
[Site "Barcelo Hotel, Daventry, ENG"]
[Date "2011.03.26"]
[Round "7.31"]
[White "Nixon, Rodney J"]
[Black "Clark, Ian C"]
[Result "1/2-1/2"]
[WhiteElo "2035"]
[BlackElo "2067"]
[PlyCount "200"]
[EventDate "2011.??.??"]
[WhiteTeam "Oxford 2"]
[BlackTeam "Wessex 2"]

1. e4 c5 2. Nf3 d6 3. d4 cxd4 4. Nxd4 Nf6 5. Nc3 a6 6. Be2 e5 7. Nb3 Be6 8. O-O
Be7 9. f4 Nbd7 10. f5 Bxb3 11. axb3 b5 12. Be3 O-O 13. Nd5 Nxd5 14. Qxd5 Qc7
15. Bxb5 Nf6 16. Qc6 Rfc8 17. Qxc7 Rxc7 18. Bc4 Rb8 19. Bg5 Nxe4 20. Bxe7 Rxe7
21. Rxa6 Rd7 22. Rd1 Kf8 23. c3 Ke7 24. b4 Nf6 25. Bd5 Rc7 26. Bb3 Rd8 27. Bd5
Rb8 28. Bc6 Ng4 29. Rd3 e4 30. Bxe4 Rxb4 31. Bf3 Ne5 32. Rd2 Rf4 33. Bd1 Rxf5
34. Rdxd6 Nc4 35. Rdc6 Rxc6 36. Rxc6 Nxb2 37. Bc2 Ra5 38. Rc7+ Kf6 39. h3 Ra1+
40. Kh2 Rf1 41. Bb3 Kg6 42. c4 f5 43. c5 Rc1 44. Bf7+ Kf6 45. Be8 Nd3 46. Rf7+
Ke6 47. Rxg7 Rxc5 48. Rxh7 Rc2 49. Rh6+ Ke5 50. Ba4 Rb2 51. Rh8 Kf4 52. Rg8 Ne5
53. Bd1 Rd2 54. Bh5 Ke4 55. Ra8 f4 56. Ra4+ Kf5 57. Ra3 Nc4 58. Rc3 Ne3 59.
Rc5+ Kf6 60. Bf3 Nf1+ 61. Kg1 Ng3 62. h4 Rb2 63. Kh2 Rb8 64. Kh3 Rg8 65. Bg4
Rh8 66. Rc6+ Kg7 67. Rc4 Rf8 68. Bf3 Nf1 69. Rc7+ Kf6 70. Kg4 Rh8 71. Kxf4
Rxh4+ 72. g4 Nh2 73. Rc6+ Ke7 74. Be2 Nxg4 75. Bxg4 Rh1 76. Re6+ Kf7 77. Kg5
Rf1 78. Rh6 Ke7 79. Re6+ Kf7 80. Re4 Rg1 81. Kh6 Rh1+ 82. Kg5 Rg1 83. Kf5 Rf1+
84. Ke5 Kg6 85. Be6 Rg1 86. Rf4 Re1+ 87. Kd6 Ra1 88. Bd5 Rd1 89. Ke5 Re1+ 90.
Be4+ Kg7 91. Rh4 Ra1 92. Rh7+ Kg8 93. Rc7 Kf8 94. Kf6 Ra6+ 95. Bc6 Kg8 96. Ke5
Ra1 97. Bd5+ Kf8 98. Be6 Re1+ 99. Kf6 Rf1+ 100. Bf5 Re1 1/2-1/2

[Event "4NCL"]
[Site "Barcelo Hotel, Daventry, ENG"]
[Date "2011.03.26"]
[Round "7.32"]
[White "Fishburne, Stewart K"]
[Black "Maciol, Ryczard"]
[Result "0-1"]
[WhiteElo "2093"]
[BlackElo "2178"]
[PlyCount "74"]
[EventDate "2011.??.??"]
[WhiteTeam "Warwickshire Select 2"]
[BlackTeam "Celtic Tigers 1"]

1. e4 e6 2. d4 d5 3. Nc3 Bb4 4. e5 b6 5. Bd2 Qd7 6. Nf3 Ba6 7. Bxa6 Nxa6 8. Qe2
Nb8 9. O-O Ne7 10. Nb1 Bxd2 11. Nbxd2 O-O 12. c3 c5 13. Nb3 c4 14. Nbd2 b5 15.
Nh4 Ng6 16. Qg4 Qe7 17. Nhf3 Nd7 18. h4 f5 19. exf6 Rxf6 20. g3 Nb6 21. h5 Nf8
22. Rfe1 Na4 23. Ne5 Nxb2 24. f4 Na4 25. Qf3 Qd6 26. Ng4 Rf7 27. h6 g6 28. Ne5
Rc7 29. g4 Nd7 30. Qg3 Rf8 31. Ndf3 Nxc3 32. Ng5 Nxe5 33. fxe5 Qe7 34. Nxe6
Qxe6 35. Qxc3 Qxg4+ 36. Kh1 Rf3 37. Re3 Qh3+ 0-1

[Event "4NCL"]
[Site "Barcelo Hotel, Daventry, ENG"]
[Date "2011.03.26"]
[Round "7.32"]
[White "Kemp, Peter D"]
[Black "Cooper, David M"]
[Result "1-0"]
[WhiteElo "2158"]
[BlackElo "2073"]
[PlyCount "105"]
[EventDate "2011.??.??"]
[WhiteTeam "Celtic Tigers 1"]
[BlackTeam "Warwickshire Select 2"]

1. d4 d5 2. c4 e6 3. g3 Nf6 4. Bg2 Bb4+ 5. Bd2 Bd6 6. Nf3 c6 7. Qc2 Nbd7 8. O-O
Qe7 9. b3 O-O 10. Nc3 e5 11. cxd5 Nxd5 12. Nxd5 cxd5 13. dxe5 Nxe5 14. Ng5 g6
15. Bxd5 Bf5 16. e4 Rac8 17. Qd1 Bg4 18. f3 Be6 19. Bxe6 fxe6 20. Rc1 Bc5+ 21.
Kg2 Rfd8 22. Rc2 Rc6 23. Qe2 Nd3 24. f4 h6 25. Nf3 Kh7 26. Be3 Nb4 27. Rxc5
Rxc5 28. Bxc5 Qxc5 29. Qb2 Nc2 30. Rc1 Ne3+ 31. Kh1 Rd1+ 32. Rxd1 Nxd1 33. Qd4
Qc2 34. Qd7+ Kh8 35. Qxe6 Qe2 36. Qc8+ Kh7 37. Qxb7+ Kh8 38. Qb8+ Kh7 39. Qxa7+
Kh8 40. Qd4+ Kh7 41. Ng1 Qf1 42. h3 Nf2+ 43. Kh2 Qe1 44. Qd7+ Kh8 45. Qe8+ Kh7
46. f5 gxf5 47. Qf7+ Kh8 48. Qf8+ Kh7 49. Qxf5+ Kg7 50. Kg2 Nxe4 51. Qf3 Qd2+
52. Ne2 Ng5 53. Qc3+ 1-0

[Event "4NCL"]
[Site "Barcelo Hotel, Daventry, ENG"]
[Date "2011.03.26"]
[Round "7.32"]
[White "Fallowfield, Jeremy"]
[Black "Haldane, Robin W"]
[Result "1/2-1/2"]
[WhiteElo "2044"]
[BlackElo "2166"]
[PlyCount "37"]
[EventDate "2011.??.??"]
[WhiteTeam "Warwickshire Select 2"]
[BlackTeam "Celtic Tigers 1"]

1. e4 e5 2. Nf3 Nc6 3. Bc4 Nf6 4. d4 exd4 5. e5 d5 6. Bb5 Ne4 7. Nxd4 Bc5 8.
Be3 Bd7 9. Bxc6 bxc6 10. Nd2 Qe7 11. Nxe4 dxe4 12. e6 fxe6 13. Nxc6 Bb4+ 14.
Nxb4 Qxb4+ 15. Qd2 Qxd2+ 16. Kxd2 O-O 17. b4 a5 18. a3 Bb5 19. Kc3 1/2-1/2

[Event "4NCL"]
[Site "Barcelo Hotel, Daventry, ENG"]
[Date "2011.03.26"]
[Round "7.32"]
[White "Pedersen, Carsten"]
[Black "Webster, Paul"]
[Result "1/2-1/2"]
[WhiteElo "2163"]
[BlackElo "2034"]
[PlyCount "43"]
[EventDate "2011.??.??"]
[WhiteTeam "Celtic Tigers 1"]
[BlackTeam "Warwickshire Select 2"]

1. e4 d5 2. exd5 Qxd5 3. Nc3 Qa5 4. d4 Nf6 5. Nf3 Bf5 6. Bc4 e6 7. Bd2 c6 8.
Qe2 Bb4 9. O-O-O Nd5 10. Nxd5 Bxd2+ 11. Rxd2 cxd5 12. Bb3 Nd7 13. Nh4 Bg6 14.
Re1 O-O-O 15. g3 Kb8 16. Nxg6 hxg6 17. h4 Rc8 18. Kb1 Qc7 19. c3 Nb6 20. Qe5
Qxe5 21. Rxe5 Nc4 22. Bxc4 1/2-1/2

[Event "4NCL"]
[Site "Barcelo Hotel, Daventry, ENG"]
[Date "2011.03.26"]
[Round "7.32"]
[White "Fallowfield, Nicholas K"]
[Black "Quinn, John M"]
[Result "0-1"]
[WhiteElo "2018"]
[BlackElo "2143"]
[PlyCount "106"]
[EventDate "2011.??.??"]
[WhiteTeam "Warwickshire Select 2"]
[BlackTeam "Celtic Tigers 1"]

1. Nf3 Nf6 2. c4 g6 3. b4 Bg7 4. Bb2 O-O 5. g3 d6 6. Bg2 e5 7. d3 a5 8. a3 h6
9. O-O axb4 10. axb4 Rxa1 11. Bxa1 Na6 12. b5 Nc5 13. Nbd2 Be6 14. Nb3 Nfd7 15.
Nxc5 Nxc5 16. Nd2 d5 17. Nb3 Qd6 18. Nxc5 Qxc5 19. cxd5 Bxd5 20. Bxd5 Qxd5 21.
Qa4 b6 22. Rb1 Ra8 23. Qc4 Qxc4 24. dxc4 Ra4 25. Rc1 e4 26. Bxg7 Kxg7 27. c5
Rb4 28. cxb6 cxb6 29. Rc6 Rxb5 30. g4 Rb2 31. e3 b5 32. h4 b4 33. g5 hxg5 34.
hxg5 b3 35. Rb6 Rb1+ 36. Kg2 b2 37. Rb8 Kh7 38. Kh2 Kg7 39. Kg2 f5 40. gxf6+
Kxf6 41. Rb5 Ke6 42. Kh2 Kd6 43. Kg2 Kc6 44. Rb8 Kc5 45. Rc8+ Kd5 46. Rb8 Kc4
47. Rc8+ Kd3 48. Rd8+ Ke2 49. Rb8 g5 50. Rb7 g4 51. Rb3 Kd2 52. Kh2 Kc2 53. Rb8
Rc1 0-1

[Event "4NCL"]
[Site "Barcelo Hotel, Daventry, ENG"]
[Date "2011.03.26"]
[Round "7.32"]
[White "French, Angus J"]
[Black "Stepanyan, Henrik"]
[Result "0-1"]
[WhiteElo "2118"]
[BlackElo "1915"]
[PlyCount "78"]
[EventDate "2011.??.??"]
[WhiteTeam "Celtic Tigers 1"]
[BlackTeam "Warwickshire Select 2"]

1. e4 e5 2. Nf3 Nc6 3. d4 exd4 4. Nxd4 Nf6 5. Nc3 Bb4 6. Nxc6 bxc6 7. Bd3 O-O
8. O-O Re8 9. Qf3 d5 10. Bg5 Bxc3 11. bxc3 Re6 12. exd5 cxd5 13. Rfe1 c6 14. c4
h6 15. Rxe6 Bxe6 16. Bxf6 Qxf6 17. Qxf6 gxf6 18. c5 Rb8 19. a3 Kg7 20. Kf1 f5
21. f4 Kf6 22. Ke2 d4 23. Kd2 Bd5 24. g3 h5 25. Re1 h4 26. Re5 Be6 27. Ba6 hxg3
28. hxg3 Rg8 29. Kd3 Rxg3+ 30. Kxd4 Rf3 31. Re3 Rxf4+ 32. Kc3 Ra4 33. Bb7 Rxa3+
34. Kd2 Rxe3 35. Kxe3 Bd5 36. Kf4 a5 37. c4 Be4 38. Ke3 Ke5 39. Kd2 f4 0-1

[Event "4NCL"]
[Site "Barcelo Hotel, Daventry, ENG"]
[Date "2011.03.26"]
[Round "7.33"]
[White "Padilla Cabero, Pablo"]
[Black "Sully, David J"]
[Result "1-0"]
[WhiteElo "2147"]
[BlackElo "2106"]
[PlyCount "82"]
[EventDate "2011.??.??"]
[WhiteTeam "Brown Jack"]
[BlackTeam "The Full Ponty"]

1. e4 b6 2. d4 Bb7 3. Nd2 e6 4. Ngf3 d6 5. Bd3 Nd7 6. O-O g6 7. Nc4 Bg7 8. Bg5
Ne7 9. Re1 h6 10. Bf4 O-O 11. Qd2 Kh7 12. Rad1 a6 13. c3 Rb8 14. h4 b5 15. Ne3
e5 16. Bh2 f6 17. Nf1 Qe8 18. c4 bxc4 19. Bxc4 Nb6 20. Bb3 Nc6 21. d5 Ne7 22.
Rc1 Rc8 23. Ne3 f5 24. Qa5 fxe4 25. Nd2 Qb5 26. Qa3 Nexd5 27. Nxe4 Nb4 28. Nc3
Qd3 29. Qxb4 Qd2 30. Bg3 Qd4 31. Qa5 e4 32. Red1 Qf6 33. Ncd5 Nxd5 34. Bxd5
Bxd5 35. Nxd5 Qxb2 36. Rxc7 Rxc7 37. Qxc7 Qxa2 38. Qxd6 a5 39. h5 gxh5 40. Qe7
Qc2 41. Ne3 h4 1-0

[Event "4NCL"]
[Site "Barcelo Hotel, Daventry, ENG"]
[Date "2011.03.26"]
[Round "7.33"]
[White "Adams, Mark A"]
[Black "Girdlestone, Paul C"]
[Result "0-1"]
[WhiteElo "2040"]
[BlackElo "2182"]
[PlyCount "78"]
[EventDate "2011.??.??"]
[WhiteTeam "The Full Ponty"]
[BlackTeam "Brown Jack"]

1. e4 e5 2. Nf3 Nc6 3. Bc4 Bc5 4. c3 Nf6 5. d3 d6 6. h3 Be6 7. Bxe6 fxe6 8. b4
Bb6 9. O-O O-O 10. a4 a6 11. Qe2 Qe8 12. Be3 Nh5 13. Bxb6 Nf4 14. Qe3 cxb6 15.
Nbd2 Qg6 16. Ne1 d5 17. exd5 exd5 18. Kh2 d4 19. cxd4 exd4 20. Qg3 Nxb4 21.
Qxg6 hxg6 22. Ndf3 Rad8 23. Rd1 Ne2 24. Ng5 Rf5 25. Ne4 Ra5 26. Rd2 Nc3 27. Nc2
Nxc2 28. Rxc2 Nxe4 29. dxe4 Rxa4 30. Rd2 Kf7 31. Rfd1 Ke6 32. f4 d3 33. Re1
Rdd4 34. e5 Rxf4 35. Rxd3 Rad4 36. Rb3 b5 37. Rc3 Rfe4 38. Rxe4 Rxe4 39. Rc2
Rxe5 {scoresheet incomplete} 0-1

[Event "4NCL"]
[Site "Barcelo Hotel, Daventry, ENG"]
[Date "2011.03.26"]
[Round "7.33"]
[White "Haydon, Richard"]
[Black "Davies, Peter L"]
[Result "1/2-1/2"]
[WhiteElo "2164"]
[BlackElo "1995"]
[PlyCount "75"]
[EventDate "2011.??.??"]
[WhiteTeam "Brown Jack"]
[BlackTeam "The Full Ponty"]

1. Nf3 g6 2. e4 Bg7 3. d4 d6 4. Nc3 Nf6 5. Be2 O-O 6. O-O c6 7. a4 Bg4 8. Be3
Nbd7 9. a5 Qc7 10. Nd2 e5 11. f3 Be6 12. Nc4 d5 13. Nxe5 Nxe5 14. dxe5 Qxe5 15.
f4 Qc7 16. f5 gxf5 17. exf5 Bd7 18. g4 Ne8 19. Bf3 Qe5 20. Bf2 Nd6 21. Re1 Qf6
22. Bxd5 Rad8 23. Bb3 Bc8 24. Qf3 Be6 25. Ra4 Bxb3 26. cxb3 Rfe8 27. Rd1 Nb5
28. Rc4 h6 29. Nxb5 cxb5 30. Rc2 Rxd1+ 31. Qxd1 Qe5 32. Qf3 b4 33. Kg2 Qxa5 34.
f6 Bf8 35. h4 Qe5 36. Bg3 Qd4 37. Bf2 Qe5 38. Bg3 1/2-1/2

[Event "4NCL"]
[Site "Barcelo Hotel, Daventry, ENG"]
[Date "2011.03.26"]
[Round "7.33"]
[White "Davis, Lee"]
[Black "Truran, Michael C"]
[Result "0-1"]
[WhiteElo "1974"]
[BlackElo "2195"]
[PlyCount "86"]
[EventDate "2011.??.??"]
[WhiteTeam "The Full Ponty"]
[BlackTeam "Brown Jack"]

1. d4 Nf6 2. g3 c5 3. d5 e6 4. c4 exd5 5. cxd5 d6 6. Nc3 g6 7. Bg2 Bg7 8. Nf3
O-O 9. O-O a6 10. a4 Re8 11. Nd2 Nbd7 12. Nc4 Nb6 13. Na3 Bd7 14. Bf4 Nh5 15.
Be3 f5 16. a5 Nc8 17. Qb3 Qxa5 18. Qxb7 Ra7 19. Qb3 Qb4 20. Qc2 Rb7 21. Bc1 f4
22. Qd3 Bf5 23. Qxa6 Ra7 24. Qb5 Ree7 25. Na2 Qxb5 26. Nxb5 Ra5 27. Nbc3 Bxc3
28. bxc3 Rxe2 29. Bf3 Rexa2 30. Rxa2 Rxa2 31. g4 Bd3 32. Rd1 Bc2 33. Re1 Ng7
34. Bxf4 Kf7 35. h4 Ne8 36. Be2 Rb2 37. Bc1 Rb1 38. f4 Nf6 39. f5 gxf5 40. gxf5
Bxf5 41. Rf1 Ne7 42. Kh2 Rb3 43. Bf4 Rb2 0-1

[Event "4NCL"]
[Site "Barcelo Hotel, Daventry, ENG"]
[Date "2011.03.26"]
[Round "7.33"]
[White "Hackett, Dave G"]
[Black "Perrett, David C"]
[Result "1/2-1/2"]
[WhiteElo "2138"]
[BlackElo "1961"]
[PlyCount "82"]
[EventDate "2011.??.??"]
[WhiteTeam "Brown Jack"]
[BlackTeam "The Full Ponty"]

1. e4 Nf6 2. e5 Nd5 3. d4 d6 4. c4 Nb6 5. exd6 cxd6 6. b3 g6 7. Bb2 Bg7 8. Nf3
O-O 9. Nc3 Bg4 10. Be2 Nc6 11. c5 dxc5 12. dxc5 Nd7 13. Na4 Qa5+ 14. Qd2 Qxd2+
15. Kxd2 Bxb2 16. Nxb2 Nxc5 17. Rac1 Rfd8+ 18. Ke3 Nd7 19. Nc4 Nf6 20. Kf4 e5+
21. Ncxe5 Nxe5 22. Kxe5 Re8+ 23. Kxf6 Rxe2 24. Rhf1 Rae8 25. Kg5 R8e4 26. Ng1
h6+ 27. Kh4 Be6+ 28. Kg3 Rxa2 29. Rc3 Ra3 30. f4 Rb4 31. Nf3 Rbxb3 32. Rxb3
Rxb3 33. Ra1 a6 34. Ra5 Kg7 35. Kf2 Rb2+ 36. Kg3 Ra2 37. Rc5 b6 38. Rc6 b5 39.
Rb6 Bd5 40. f5 gxf5 41. Nh4 Be6 1/2-1/2

[Event "4NCL"]
[Site "Barcelo Hotel, Daventry, ENG"]
[Date "2011.03.26"]
[Round "7.33"]
[White "Gilbert, Colin"]
[Black "Rabbitt, Michael"]
[Result "0-1"]
[WhiteElo "1838"]
[BlackElo "2020"]
[PlyCount "79"]
[EventDate "2011.??.??"]
[WhiteTeam "The Full Ponty"]
[BlackTeam "Brown Jack"]

1. d4 d5 2. c4 c6 3. Nf3 Nf6 4. Nc3 dxc4 5. a4 Bf5 6. Nh4 g6 7. e3 Bg4 8. Be2
Bxe2 9. Qxe2 Bg7 10. O-O O-O 11. Nf3 Nbd7 12. Qxc4 Qc7 13. b3 e5 14. Ba3 Rfc8
15. Ng5 Nb6 16. Qd3 exd4 17. exd4 Re8 18. Rfe1 Rad8 19. Nf3 a5 20. Rad1 Nbd5
21. g3 Nxc3 22. Qxc3 Nd5 23. Qc4 Qd7 24. Ne5 Qf5 25. Bb2 Nb4 26. f4 Bf8 27. Re2
Nd5 28. Qc2 Qxc2 29. Rxc2 Ne3 30. Rcd2 Bb4 31. Rd3 Nxd1 32. Rxd1 f6 33. Nd3 Re2
34. Ba1 Kf7 35. Kf1 Rxh2 36. Nxb4 axb4 37. Kg1 Ra2 38. d5 Rxd5 39. Re1 Rd3 40.
g4 0-1

[Event "4NCL"]
[Site "Barcelo Hotel, Daventry, ENG"]
[Date "2011.03.26"]
[Round "7.34"]
[White "Compton, Alistair"]
[Black "Jones, Victor GL"]
[Result "1/2-1/2"]
[WhiteElo "2046"]
[BlackElo "2119"]
[PlyCount "97"]
[EventDate "2011.??.??"]
[WhiteTeam "The Rookies"]
[BlackTeam "KJCA Kings"]

1. e4 e6 2. d4 d5 3. Nc3 Nf6 4. e5 Nfd7 5. f4 c5 6. Nf3 Nc6 7. Be3 a6 8. Qd2 b5
9. a3 Qb6 10. Ne2 b4 11. axb4 Qxb4 12. c3 Qb7 13. dxc5 Nxc5 14. Ned4 Rb8 15.
Nxc6 Qxc6 16. Nd4 Qb7 17. Ra2 Be7 18. Be2 O-O 19. O-O f6 20. exf6 Bxf6 21. b4
Ne4 22. Qc2 Qc7 23. Rc1 e5 24. Nf3 exf4 25. Bd4 Qd6 26. Bd3 Bb7 27. Rca1 Rfc8
28. Ra3 Bxd4+ 29. Nxd4 Qb6 30. Kf1 Rc7 31. Bxe4 dxe4 32. Qa2+ Kh8 33. Ne6 Re7
34. Nc5 e3 35. Qe2 Rf8 36. Nxb7 Qxb7 37. Qf3 Qb5+ 38. Qe2 Qd5 39. Qf3 e2+ 40.
Ke1 Qf5 41. c4 Rd8 42. Rxa6 Rd1+ 43. Rxd1 exd1=Q+ 44. Kxd1 Qb1+ 45. Kd2 Qe1+
46. Kd3 Rd7+ 47. Kc2 Rd2+ 48. Kb3 h6 49. Ka4 1/2-1/2

[Event "4NCL"]
[Site "Barcelo Hotel, Daventry, ENG"]
[Date "2011.03.26"]
[Round "7.34"]
[White "Jones, Christopher M"]
[Black "Maguire, Robert"]
[Result "1/2-1/2"]
[WhiteElo "2024"]
[BlackElo "1925"]
[PlyCount "57"]
[EventDate "2011.??.??"]
[WhiteTeam "The Rookies"]
[BlackTeam "KJCA Kings"]

1. e4 e5 2. Nc3 Nf6 3. Nf3 Nc6 4. d4 exd4 5. Nxd4 Bb4 6. Nxc6 bxc6 7. Bd3 d5 8.
exd5 cxd5 9. O-O O-O 10. Bg5 c6 11. Qf3 h6 12. Bxf6 Qxf6 13. Qxf6 gxf6 14. Ne2
Bd6 15. Nd4 c5 16. Nf5 Bxf5 17. Bxf5 Rab8 18. Rad1 Rxb2 19. Rxd5 Be5 20. Rxc5
Rxa2 21. Rc4 Rd8 22. g3 Ra5 23. Bd3 Bd4 24. Rc7 Bb6 25. Rb7 Rad5 26. Re1 R5d7
27. Re7 Rxb7 28. Rxb7 Rc8 29. Kf1 1/2-1/2